000 00292nam a22001337a 4500
008 170331b xxu||||| |||| 00| 0 eng d
020 _a032301240
041 _aeng
080 _210 ED
_a617
100 _a8
101 _aSHM
245 _aOPERATIVE ORTHOPAEDICS
_cCANALE.S.T
942 _2udc
_cBK
999 _c9352
_d9352